| 000 | 01136njm a2200289Ia 4500 | ||
|---|---|---|---|
| 001 | 23758 | ||
| 003 | IT-RoPAU | ||
| 005 | 20220918181117.0 | ||
| 008 | 131025s9999 xx 000 0 und d | ||
| 040 | _aIT-RoPAU | ||
| 040 | _cIT-RoPAU | ||
| 041 | _aITALIANO | ||
| 999 |
_c99493 _d99493 |
||
| 999 | _bn.d. | ||
| 100 |
_aAA.VV. _9794 |
||
| 100 |
_eAutore musica _95631 |
||
| 100 |
_gCodice autore musica SPICS: 12000 _9796 |
||
| 245 | _aMelodie per il rito della messa | ||
| 250 | _a1a ed. | ||
| 260 | _aCITTA' DEL VATICANO | ||
| 260 |
_bVATICANA _c1984 [1a Ed.:1984] |
||
| 300 | _aMUSICASSETTA | ||
| 300 | _c50 minuti (Testo: pag.) | ||
| 500 | _aMusica religiosa. Musica liturgica. | ||
| 505 | _aMessale romano in italiano. Melodie per il rito della messa per i riti di introduzione per la liturgia della parola. Per la liturgia eucaristica. Per i riti di conclusione. Altra melodia per il prefazio. Melodie per altri riti. Venerdì Santo. Veglia Pasquale. Annunzio Pasquale. Benedizione dell'acqua battesimale. Epifania: annunzio del giorno della Pasqua. | ||
| 650 |
_aLITURGICO [CASSETTE] _eCodice MATERIA SPICS: 9951 _95632 |
||
| 942 |
_cMC _2ddc |
||